Antiochus: a tragedy, as it is acted at the Theatre in Lincolns-Inn-Fields. By Mr. Mottley.

Bibliographic Details
Main Author: Mottley, John, 1692-1750
Format: eBook
Language:English
Series:Eighteenth century collections online.
Online Access:Full text online

MARC

Tag First Indicator Second Indicator Subfields
LEADER 00000cam a2200000 4500
001 in00001917607
006 m | d |
007 cr |n||||||||n
008 791208s1721 enk|||| s 00||||eng d
005 20260403171120.1
035 |a (CStRLIN)ESTCT68012 
040 |a Uk-ES  |c Uk-ES  |d CStRLIN  |d Thomson Gale  |d UtOrBLW 
100 1 |a Mottley, John,  |d 1692-1750. 
245 1 0 |a Antiochus: a tragedy, as it is acted at the Theatre in Lincolns-Inn-Fields. By Mr. Mottley. 
264 3 |a London :  |b printed for T. Harbin; W. Meadows; J. Peel; and J. Graves,  |c 1721. 
300 |a xv, 1 unnumbered page, 56p. ;  |c 8⁰. 
336 |a text  |b txt  |2 rdacontent 
337 |a computer  |b c  |2 rdamedia 
338 |a online resource  |b cr  |2 rdacarrier 
500 |a With a half-title. 
500 |a Reproduction of original from the British Library. 
510 4 |a English Short Title Catalog,  |c ESTCT68012. 
533 |a Electronic reproduction.  |b Farmington Hills, Mich. :  |c Thomson Gale,  |d 2003.  |n Available via the World Wide Web.  |n Access limited by licensing agreements  |7 s2003 miunns 
500 |a Electronic resource. 
830 0 |a Eighteenth century collections online. 
856 4 0 |u http://proxy.library.tamu.edu/login?url=https://galenet.galegroup.com/servlet/ECCO?c=1&stp=Author&ste=11&af=BN&ae=T068012&tiPG=1&dd=0&dc=flc&docNum=CW113251179&vrsn=1.0&srchtp=a&d4=0.33&n=10&SU=0LRK&locID=txshracd2898  |z Full text online  |t 0 
999 |a MARS 
999 f f |s 452c0f97-ee77-318b-843b-11ec13fee4d2  |i bc0bdcc5-a62b-39c6-9ab3-5c3414728fe1  |t 0 
952 f f |a Texas A&M University  |b College Station  |c Electronic Resources  |s www_evans  |d Available Online  |t 0  |h No information provided 
998 f f |t 0  |l Available Online